US Cities Beginning With V And Over 100k Population - Statistics

General Stats
  • This quiz has been taken 30 times
  • The average score is 3 of 7
Answer Stats
Pop Answer % Correct
452602 Virginia Beach
96%
174826 Vancouver
44%
109592 Ventura
30%
122265 Victorville
26%
131081 Visalia
22%
121229 Vallejo
19%
101659 Vista
15%
No matching quizzes found
Score Distribution
Percent of People with Each Score
Percentile by Number Answered
Your Score History
You have not taken this quiz